Catecismo de la doctrina cervantina (Record no. 141497)

MARC details
000 -LEADER
campo de control de longitud fija 00585nam a2200181 i 4500
001 - NÚMERO DE CONTROL
campo de control 141497
003 - IDENTIFICADOR DE NÚMERO DE CONTROL
campo de control ES-MaACL
005 - FECHA Y HORA DE LA ÚLTIMA TRANSACCIÓN
campo de control 20230906200315.0
007 - CAMPO FIJO DE DESCRIPCIÓN FÍSICA--INFORMACIÓN GENERAL
campo de control de longitud fija t|
008 - DATOS DE LONGITUD FIJA--INFORMACIÓN GENERAL
campo de control de longitud fija 070924s1916 sp ||||1| spa d
100 1# - ENTRADA PRINCIPAL--NOMBRE DE PERSONA
Nombre de persona Villegas, Baldomero.
9 (RLIN) 115202
245 10 - MENCIÓN DEL TÍTULO
Título Catecismo de la doctrina cervantina
Resto del título : homenaje al genio /
Mención de responsabilidad, etc. Baldomero Villegas.
260 ## - PUBLICACIÓN, DISTRIBUCIÓN, ETC.
Lugar de publicación, distribución, etc. Madrid :
Nombre del editor, distribuidor, etc. [s.n.],
Fecha de publicación, distribución, etc. 1916 (
Fabricante Imp. Fortanet)
300 ## - DESCRIPCIÓN FÍSICA
Extensión 110 p. ;
Dimensiones 21 cm.
600 14 - PUNTO DE ACCESO ADICIONAL DE MATERIA--NOMBRE DE PERSONA
Nombre de persona Cervantes Saavedra, Miguel de,
Fechas asociadas al nombre 1547-1616.
Título de la obra Don Quijote de la Mancha
9 (RLIN) 37612
852 ## - LOCALIZACIÓN
Ubicación ES-MaACL
Número de control de estantería F-4306
Holdings
Estatus retirado Estado de pérdida Estado de daño No para préstamo Biblioteca de origen Biblioteca actual Ubicación en estantería Fecha de adquisición Fuente de adquisición Total de préstamos Signatura topográfica completa Código de barras Visto por última vez Precio de reemplazo Tipo de ítem Koha
        Biblioteca del Ateneo de Madrid Biblioteca del Ateneo de Madrid Depósito 2 17/01/2008     F-4306 1147231 23/02/2023 23/02/2023 Libro impreso